Normal view
MARC view
- Coope, Sebastian
Entry Personal Name
001 - CONTROL NUMBER
- control field: 98242
003 - CONTROL NUMBER IDENTIFIER
- control field: NUST
005 - DATE AND TIME OF LATEST TRANSACTION
- control field: 20220819113411.0
008 - FIXED-LENGTH DATA ELEMENTS
- fixed length control field: 220819|| aca||aabn | a|a d
040 ## - CATALOGING SOURCE
- Original cataloging agency: NUST
- Transcribing agency: NUST
100 ## - HEADING--PERSONAL NAME
- Personal name: Coope, Sebastian
670 ## - SOURCE DATA FOUND
- Source citation: Work cat.: (NUST)176092: Bannister, Jeffrey. 98241, Convergence technologies for 3G networks :, c2004.
